| 000 | 00431nam a22001697a 4500 | ||
|---|---|---|---|
| 005 | 20160613165642.0 | ||
| 008 | 160613b xxu||||| |||| 00| 0 eng d | ||
| 020 | _a81-219-0589-3 | ||
| 041 | _aeng | ||
| 082 | _b7305 | ||
| 100 |
_aKapoor, A.N. _9752 |
||
| 245 | _aBusiness Correspondence and Communication skills | ||
| 260 |
_aNew Delhi _bSultan Chand & Sons, _c2010 |
||
| 300 | _a385 | ||
| 650 |
_aManagement _9241 |
||
| 942 | _cBK | ||
| 999 |
_c2566 _d2565 |
||